Sports Quiz

Random Sports or Basketball Quiz

50 Winningest NBA Players Quiz Stats

 Plays Quiz Updated Apr 16, 2018

Challenge
Share
Tweet
Embed
Score 0/50 Timer 10:00
3 Plays Today
Wins Name % Correct
706Michael Jordan
95%
836Kobe Bryant
87.8%
670Magic Johnson
85.1%
819Shaquille O'Neal
83%
723Dennis Johnson
82.9%
1074Kareem Abdul-Jabbar
80.7%
1001Tim Duncan
79.3%
810Scottie Pippen
78.5%
952Karl Malone
77.3%
726Moses Malone
76.3%
953John Stockton
71.3%
673David Robinson
67.5%
862Tony Parker
67.3%
836Clifford Robinson
66.5%
761LeBron James
62.7%
732Hakeem Olajuwon
62.4%
899Dirk Nowitzki
61.1%
825Kevin Garnett
61.1%
678Patrick Ewing
59.5%
764Steve Nash
59.2%
758Paul Pierce
58.3%
762Manu Ginobili
57.6%
1014Robert Parish
57.1%
755Ray Allen
56.7%
812Jason Kidd
55%
Wins Name % Correct
674Kevin McHale
53.8%
767Reggie Miller
50.8%
741Vince Carter
47.9%
743Robert Horry
44.4%
823Gary Payton
43.3%
703Mark Jackson
37.5%
766John Havlicek
36.7%
853Derek Fisher
36.6%
699Rasheed Wallace
33%
711Buck Williams
33%
758Horace Grant
30.5%
782A.C. Green
26.1%
693Byron Scott
22.3%
719Danny Ainge
20.6%
760Kevin Willis
18.8%
777Jason Terry
18.7%
692Shawn Marion
18.6%
717Charles Oakley
18.2%
762Terry Porter
15.7%
711Vlade Divac
15.7%
673Maurice Cheeks
12.9%
824Sam Perkins
10.6%
701Detlef Schrempf
9%
710Jerome Kersey
5.4%
777Paul Silas
3.9%

You're not logged in!

Compare scores with friends on all Sporcle quizzes.
OR
Log In

You Might Also Like...

Show Comments

Extras

Top Quizzes Today


Score Distribution

Your Account Isn't Verified!

In order to create a playlist on Sporcle, you need to verify the email address you used during registration. Go to your Sporcle Settings to finish the process.

Report this User

Report this user for behavior that violates our Community Guidelines.

Details: